Najbardziej zaludnione państwa świata (Top 100) - Statystyki

Ogólne statystyki
  • Ten quiz został rozwiązany 280 razy
  • Średni wynik to 70 z 100
Statystyki odpowiedzi
Miejsce Populacja Państwo % Poprawnych
002. 1,425,183,335 Chińska Republika Ludowa
99%
001. 1,441,625,928 Indie
99%
003. 341,801,375 Stany Zjednoczone Ameryki
98%
009. 143,960,515 Federacja Rosyjska
97%
037. 40,226,723 Rzeczpospolita Polska
97%
007. 217,628,692 Brazylia
95%
022. 67,959,827 Zjednoczone Królestwo Wielkiej Brytanii i Irlandii Północnej
95%
019. 83,252,819 Federalna Republika Niemiec
93%
023. 64,880,941 Francja
92%
032. 47,473,724 Hiszpania
92%
012. 122,636,243 Japonia
92%
011. 129,381,790 Meksyk
91%
054. 28,231,472 Niger
91%
004. 279,781,898 Indonezja
90%
038. 39,104,747 Kanada
90%
006. 229,113,192 Nigeria
90%
014. 114,471,251 Egipt
89%
005. 245,175,600 Pakistan
88%
018. 86,257,249 Turcja
88%
025. 58,699,020 Włochy
88%
035. 46,055,871 Argentyna
87%
055. 26,697,642 Australia
87%
029. 51,742,296 Republika Korei
86%
024. 61,015,414 Republika Południowej Afryki
85%
040. 37,930,484 Ukraina
85%
008. 174,668,665 Bangladesz
84%
015. 105,600,428 Demokratyczna Republika Konga
84%
017. 89.805,314 Iran
83%
088. 10,673,237 Szwecja
83%
042. 37,470,232 Arabia Saudyjska
81%
016. 99,493,176 Wietnam
81%
020. 71,885,262 Tajlandia
80%
065. 19,658,631 Chile
79%
028. 52,338,936 Kolumbia
79%
039. 38,208,868 Maroko
79%
034. 46,274,095 Algieria
77%
093. 10,302,996 Grecja
77%
033. 46,516,422 Irak
77%
066. 19,620,566 Rumunia
77%
013. 119,093,445 Filipiny
76%
094. 10,223,523 Portugalia
76%
090. 10,503,682 Czeska Republika
75%
010. 129,696,525 Etiopia
75%
056. 26,244,020 Korea Republika Ludowo-Demokratyczna
75%
047. 34,681,100 Peru
75%
064. 19,826,530 Republika Kazachstanu
75%
052. 29,391,451 Wenezuela
75%
072. 17,670,756 Królestwo Niderlandów
74%
097. 9,455,340 Białoruś
73%
031. 49,349,343 Sudan
73%
100. 8,977,015 Austria
72%
082. 11,715,566 Belgia
71%
036. 43,364,869 Afganistan
69%
095. 9,996,004 Węgry
69%
079. 12,566,069 Boliwia
68%
026. 56,194,971 Kenia
67%
068. 18,702,880 Somalia
66%
067. 18,843,077 Czad
65%
048. 34,669,346 Malezja
64%
071. 18,218,287 Senegal
64%
043. 35,670,287 Uzbekistan
64%
069. 18,376,049 Ekwador
63%
098. 9,310,681 Izrael
63%
044. 35,214,311 Jemen
63%
027. 54,961,951 Mjanma (Birma)
63%
057. 24,340,190 Syria
63%
021. 69,404,621 Tanzania
63%
058. 24,010,591 Mali
62%
080. 12,563,955 Tunezja
62%
041. 37,796,634 Angola
61%
050. 31,051,389 Madagaskar
61%
086. 11,174,736 Kuba
60%
059. 23,590,034 Republika Chińska
60%
085. 11,275,727 Sudan Południowy
59%
046. 34,772,836 Ghana
57%
073. 17,120,611 Kambodża
57%
049. 31,237,901 Nepal
57%
074. 17,017,804 Zimbabwe
57%
096. 9,591,327 Zjednoczone Emiraty Arabskie
57%
092. 10,330,189 Tadżykistan
56%
063. 21,130,659 Zambia
56%
045. 34,851,540 Mozambik
55%
053. 29,389,096 Kamerun
54%
075. 14,526,344 Gwinea
50%
083. 11,433,298 Republika Dominikany
50%
061. 21,948,891 Sri Lanka
50%
030. 49,914,695 Uganda
50%
051. 29,598,090 Wybrzeże Kości Słoniowej
50%
091. 10,462,561 Azerbejdżan
48%
081. 11,866,017 Haiti
48%
087. 10,758,236 Honduras
47%
089. 10,514,473 Papua Nowa-Gwinea
47%
076. 14,412,635 Rwanda
46%
070. 18,356,453 Gwatemala
45%
084. 11,384,547 Jordan
43%
077. 14,077,439 Benin
42%
060. 23,860,042 Burkina Faso
41%
099. 9,259,329 Togo
41%
062. 21,472,039 Malawi
38%
078. 13,589,138 Burundi
36%
Nie znaleziono quizów pasujących do podanych kryteriów
Rozkład punktacji
Procent ludzi z każdym wynikiem
Percentyl według liczby udzielonych odpowiedzi
Twoja historia wyników
Nie rozwiązałeś tego quizu